000 00542nam a2200205Ia 4500
003 OSt
005 20241212134621.0
008 210716s1996 xx 000 0 und d
020 _a0449223604
040 _cAIMIT LIBRARY
041 _aeng
082 _a808.83
_21
_bGRAS
100 _aGrafton, Sue.
_9190287
245 _aM is for malice /
_cBy Sue Grafton.
250 _a1st ed.
260 _aNew York :
_bFawcett Books ;
_c1996.
300 _a337p. ;
_bPB
_c17 cm.
650 _aNovels
_9190288
942 _2ddc
_cBK
_e1st ed.
_k808.83 GRAS
999 _c200335
_d200335